Filmy z zawodami w tytule - Statystyki

Ogólne statystyki
  • Ten quiz został rozwiązany 2 773 razy
  • Średni wynik to 7 z 20
Statystyki odpowiedzi
Gwiazda Film % Poprawnych
Eddie Murphy {Doktor} Dolittle
93%
Robin Williams Stowarzyszenie Umarłych {Poetów}
77%
Eddie Murphy {Gliniarz} z Beverly Hills
72%
Michael Douglas {Prezydent} – Miłość w Białym Domu
60%
Steve Guttenberg Akademia {Policyjna}
49%
Jean-Claude Van Damme Uniwersalny {żołnierz}
45%
Adrien Brody {Pianista}
42%
Robert De Niro {Taksówkarz}
42%
Whitney Houston {Bodyguard}
37%
Sylvester Stallone {Sędzia} Dredd
36%
Roger Moore {Szpieg}, który mnie kochał
33%
Matt Damon Dobry {agent}
16%
Mickey Rourke {Zapaśnik}
14%
Michael Fassbender {Adwokat}
13%
Pierce Brosnan {Krawiec} z Panamy
12%
John Travolta Córka {generała}
7%
Adam Sandler {Magik} z Nowego Jorku
7%
Samuel L. Jackson {Trener}
7%
Eddie Murphy Fałszywy {senator}
5%
Renee Zellweger {Jubilerka}
2%
Nie znaleziono quizów pasujących do podanych kryteriów
Rozkład punktacji
Procent ludzi z każdym wynikiem
Percentyl według liczby udzielonych odpowiedzi
Twoja historia wyników
Nie rozwiązałeś tego quizu